[Event "Satka Autumn 2019"]
[Site "Satka"]
[Date "2019.09.26"]
[Round "8.8"]
[White "Petrukhina, Olga"]
[Black "Eidelson, Rakhil"]
[Result "1-0"]
[WhiteElo "2192"]
[BlackElo "2064"]
[Annotator "NA"]
[PlyCount "161"]
[EventDate "2019.09.19"]
[EventType "swiss"]
[EventCountry "RUS"]
[SourceTitle "playchess.com"]
[Source "ChessBase"]
[SourceQuality "1"]
[TimeControl "5400+30"]

1. d4 {[%emt 0:00:00]} Nf6 {[%emt 0:00:02]} 2. Nf3 {[%emt 0:00:00]} g6 {[%emt 0:00:05]} 3. c4 {[%emt 0:00:00]} Bg7 {[%emt 0:00:18]} 4. Nc3 {[%emt 0:00:00]} O-O {[%emt 0:00:20]} 5. Bg5 {[%emt 0:00:00]} c5 {[%emt 0:00:59]} 6. e3 {[%emt 0:00:00]} d6 {[%emt 0:01:46]} 7. Be2 {[%emt 0:00:15]} Na6 {[%emt 0:03:02]} 8. h3 {[%emt 0:01:11]} b6 {[%emt 0:01:38]} 9. O-O {[%emt 0:02:26]} Nc7 {[%emt 0:02:44]} 10. a3 {[%emt 0:09:14]} Ne6 {[%emt 0:05:21]} 11. Bh4 {[%emt 0:01:19]} cxd4 {[%emt 0:00:13]} 12. Nxd4 {[%emt 0:00:56]} Nxd4 {[%emt 0:00:08]} 13. exd4 {[%emt 0:04:58]} Bb7 {[%emt 0:01:27]} 14. d5 {[%emt 0:00:20]} Rc8 {[%emt 0:01:47]} 15. a4 {[%emt 0:17:17]} Nd7 {[%emt 0:03:16]} 16. Qd2 {[%emt 0:05:45]} Nc5 {[%emt 0:11:22]} 17. Ra3 {[%emt 0:03:15]} a5 {[%emt 0:01:01]} 18. Re1 {[%emt 0:05:28]} Re8 {[%emt 0:02:01]} 19. Bg4 {[%emt 0:03:26]} f5 {[%emt 0:00:37]} 20. Bd1 {[%emt 0:01:04]} Nd7 {[%emt 0:05:05]} 21. Be2 {[%emt 0:08:22]} Nf6 {[%emt 0:07:52]} 22. Bf1 {[%emt 0:03:04]} Ba6 {[%emt 0:03:32]} 23. b3 {[%emt 0:03:05]} Ra8 {[%emt 0:00:22]} 24. f3 {[%emt 0:03:06]} Bc8 {[%emt 0:09:12]} 25. Raa1 {[%emt 0:08:12]} Nd7 {[%emt 0:09:21]} 26. Rab1 {[%emt 0:00:18]} Nc5 {[%emt 0:00:09]} 27. Nb5 {[%emt 0:01:36]} Bb7 {[%emt 0:03:40]} 28. Nd4 {[%emt 0:02:56]} Rc8 {[%emt 0:00:09]} 29. Ne6 {[%emt 0:05:42]} Nxe6 {[%emt 0:00:05]} 30. Rxe6 {[%emt 0:00:11]} Qc7 {[%emt 0:00:54]} 31. Rbe1 {[%emt 0:01:20]} Bf8 {[%emt 0:06:55]} 32. Bf2 {[%emt 0:00:18]} Rb8 {[%emt 0:00:45]} 33. Bd3 {[%emt 0:00:40]} Bg7 {[%emt 0:03:38]} 34. h4 {[%emt 0:04:10]} Bc8 {[%emt 0:00:35]} 35. R6e2 {[%emt 0:00:05]} e5 {[%emt 0:03:27]} 36. dxe6 {[%emt 0:00:09]} Qe7 {[%emt 0:00:53]} 37. h5 {[%emt 0:01:44]} Qf6 {[%emt 0:00:57]} 38. Bc2 {[%emt 0:06:23]} Bb7 {[%emt 0:05:52]} 39. Qxd6 {[%emt 0:00:41]} Rbd8 {[%emt 0:01:50]} 40. Qf4 {[%emt 0:00:00]} Bf8 {[%emt 0:00:00]} 41. hxg6 {[%emt 0:00:00]} hxg6 {[%emt 0:00:00]} 42. e7 {[%emt 0:00:00]} Rxe7 {[%emt 0:00:00]} 43. Rxe7 {[%emt 0:00:00]} Bxe7 44. Qc7 {[%emt 0:00:00]} Bb4 {[%emt 0:00:00]} 45. Rd1 {[%emt 0:00:57]} Rxd1+ {[%emt 0:00:00]} 46. Bxd1 {[%emt 0:00:00]} Qa1 {[%emt 0:00:00]} 47. Qd8+ {[%emt 0:00:47]} Kf7 {[%emt 0:00:00]} 48. Bxb6 {[%emt 0:00:37]} Be7 {[%emt 0:00:00]} 49. Qd2 {[%emt 0:01:27]} Qe5 {[%emt 0:00:00]} 50. f4 {[%emt 0:01:10]} Qe6 {[%emt 0:00:00]} 51. Bf2 {[%emt 0:00:50]} Bb4 {[%emt 0:00:00]} 52. Qe3 {[%emt 0:00:25]} Qf6 {[%emt 0:01:37]} 53. Qd4 {[%emt 0:00:38]} Qe6 {[%emt 0:00:37]} 54. Qa7 {[%emt 0:00:33]} Qe7 {[%emt 0:02:40]} 55. Bf3 {[%emt 0:00:31]} Bxf3 {[%emt 0:00:04]} 56. Qxe7+ {[%emt 0:00:04]} Kxe7 {[%emt 0:00:11]} 57. gxf3 {[%emt 0:00:02]} Bd2 {[%emt 0:00:15]} 58. Bb6 {[%emt 0:00:13]} Kd7 {[%emt 0:00:01]} 59. Kf2 {[%emt 0:00:22]} Kc6 {[%emt 0:00:01]} 60. Ke2 {[%emt 0:00:53]} Bb4 {[%emt 0:01:17]} 61. Bd8 {[%emt 0:00:10]} Kd7 {[%emt 0:00:19]} 62. Bf6 {[%emt 0:00:13]} Kc6 {[%emt 0:00:39]} 63. Kd3 {[%emt 0:00:04]} Bd6 {[%emt 0:01:36]} 64. Bd8 {[%emt 0:00:07]} Bb4 {[%emt 0:00:05]} 65. Kd4 {[%emt 0:00:30]} Kd6 {[%emt 0:00:21]} 66. Bb6 {[%emt 0:00:34]} Bd2 {[%emt 0:01:53]} 67. Kd3 {[%emt 0:00:29]} Bb4 {[%emt 0:00:07]} 68. Bd4 {[%emt 0:00:19]} Kc6 {[%emt 0:01:31]} 69. Bc3 {[%emt 0:00:24]} Bd6 {[%emt 0:00:02]} 70. Bxa5 {[%emt 0:00:17]} Bxf4 {[%emt 0:00:03]} 71. Bc3 {[%emt 0:01:24]} g5 {[%emt 0:00:09]} 72. b4 {[%emt 0:00:20]} g4 {[%emt 0:00:02]} 73. fxg4 {[%emt 0:00:07]} fxg4 {[%emt 0:00:01]} 74. Ke4 {[%emt 0:01:59]} Bd6 {[%emt 0:00:06]} 75. a5 {[%emt 0:01:12]} Bb8 {[%emt 0:02:38]} 76. Bd4 {[%emt 0:00:22]} Kb7 {[%emt 0:01:47]} 77. b5 {[%emt 0:00:19]} Bc7 {[%emt 0:00:45]} 78. a6+ {[%emt 0:00:31]} Ka8 {[%emt 0:00:15]} 79. c5 {[%emt 0:00:58]} Bh2 {[%emt 0:00:24]} 80. c6 {[%emt 0:00:19]} g3 {[%emt 0:01:37]} 81. Kf3 {[%emt 0:00:31]} 1-0

[Event "Satka Autumn 2019"]
[Site "Satka"]
[Date "2019.09.26"]
[Round "8.9"]
[White "Svetlova, Ksenia"]
[Black "Prudnikova, Svetlana"]
[Result "0-1"]
[WhiteElo "1875"]
[BlackElo "2234"]
[Annotator "NA"]
[PlyCount "64"]
[EventDate "2019.09.19"]
[EventType "swiss"]
[EventCountry "RUS"]
[SourceTitle "playchess.com"]
[Source "ChessBase"]
[SourceQuality "1"]
[TimeControl "5400+30"]

1. e4 {[%emt 0:00:00]} c5 {[%emt 0:00:00]} 2. Nf3 {[%emt 0:00:00]} e6 {[%emt 0:00:00]} 3. d4 {[%emt 0:00:00]} cxd4 {[%emt 0:00:00]} 4. Nxd4 {[%emt 0:00:00]} Nf6 {[%emt 0:00:00]} 5. Nc3 {[%emt 0:00:00]} d6 {[%emt 0:00:06]} 6. Be3 {[%emt 0:00:12]} Be7 {[%emt 0:00:40]} 7. Bc4 {[%emt 0:04:24]} a6 {[%emt 0:01:31]} 8. a4 {[%emt 0:02:48]} Qc7 {[%emt 0:01:47]} 9. Bb3 {[%emt 0:02:00]} O-O {[%emt 0:04:02]} 10. a5 {[%emt 0:08:05]} Nc6 {[%emt 0:16:28]} 11. Nxc6 {[%emt 0:01:46]} bxc6 {[%emt 0:00:02]} 12. O-O {[%emt 0:01:05]} c5 {[%emt 0:02:27]} 13. Qf3 {[%emt 0:23:30]} Bb7 {[%emt 0:02:33]} 14. Qf4 {[%emt 0:03:09]} Kh8 {[%emt 0:14:04]} 15. f3 {[%emt 0:03:36]} Nd7 {[%emt 0:02:11]} 16. Rfd1 {[%emt 0:12:31]} Rac8 {[%emt 0:02:49]} 17. Bc4 {[%emt 0:04:38]} Ne5 {[%emt 0:01:03]} 18. Be2 {[%emt 0:00:48]} f5 {[%emt 0:01:43]} 19. exf5 {[%emt 0:06:48]} Rxf5 {[%emt 0:00:06]} 20. Qg3 {[%emt 0:00:03]} d5 {[%emt 0:08:36]} 21. f4 {[%emt 0:05:06]} Ng6 {[%emt 0:00:32]} 22. Bg4 {[%emt 0:00:12]} d4 {[%emt 0:02:22]} 23. Bxf5 {[%emt 0:00:54]} exf5 {[%emt 0:00:03]} 24. Na4 {[%emt 0:00:40]} Bh4 {[%emt 0:05:35]} 25. Qh3 {[%emt 0:00:06]} dxe3 {[%emt 0:00:13]} 26. Qxe3 {[%emt 0:02:09]} Nxf4 {[%emt 0:02:40]} 27. Rd2 {[%emt 0:00:49]} Bc6 {[%emt 0:12:16]} 28. Nc3 {[%emt 0:05:45]} Re8 {[%emt 0:05:50]} 29. Qxc5 {[%emt 0:00:34]} Qb7 {[%emt 0:00:19]} 30. Qb6 {[%emt 0:03:07]} Qa8 {[%emt 0:03:35]} 31. g3 {[%emt 0:01:17]} Nh3+ {[%emt 0:00:10]} 32. Kf1 {[%emt 0:00:03]} Bb5+ {[%emt 0:01:23]} 0-1

[Event "Satka Autumn 2019"]
[Site "Satka"]
[Date "2019.09.26"]
[Round "8.10"]
[White "Loskutova, Viktoriya"]
[Black "Mirzaeva, Gulnara"]
[Result "1/2-1/2"]
[WhiteElo "2162"]
[BlackElo "1936"]
[Annotator "NA"]
[PlyCount "131"]
[EventDate "2019.09.19"]
[EventType "swiss"]
[EventCountry "RUS"]
[SourceTitle "playchess.com"]
[Source "ChessBase"]
[SourceQuality "1"]
[TimeControl "5400+30"]

1. e4 {[%emt 0:00:00]} c5 {[%emt 0:00:00]} 2. Nf3 {[%emt 0:00:00]} Nc6 {[%emt 0:00:00]} 3. d4 {[%emt 0:00:00]} cxd4 {[%emt 0:00:00]} 4. Nxd4 {[%emt 0:00:00]} g6 {[%emt 0:00:08]} 5. c4 {[%emt 0:00:07]} Nf6 {[%emt 0:02:28]} 6. Nc3 {[%emt 0:00:09]} Nxd4 {[%emt 0:00:32]} 7. Qxd4 {[%emt 0:00:15]} d6 {[%emt 0:03:17]} 8. f3 {[%emt 0:09:51]} Bg7 {[%emt 0:00:20]} 9. Be3 {[%emt 0:00:22]} O-O {[%emt 0:00:14]} 10. Qd2 {[%emt 0:00:12]} Be6 {[%emt 0:00:33]} 11. Rc1 {[%emt 0:06:09]} a5 {[%emt 0:02:45]} 12. b3 {[%emt 0:01:22]} Nd7 {[%emt 0:02:23]} 13. Be2 {[%emt 0:00:27]} Nb6 {[%emt 0:05:21]} 14. O-O {[%emt 0:14:42]} a4 {[%emt 0:08:57]} 15. Nd5 {[%emt 0:07:18]} Nxd5 {[%emt 0:00:58]} 16. exd5 {[%emt 0:03:41]} Bd7 {[%emt 0:00:48]} 17. b4 {[%emt 0:00:33]} a3 {[%emt 0:01:37]} 18. Bd3 {[%emt 0:09:14]} Bb2 {[%emt 0:04:44]} 19. Rb1 {[%emt 0:03:30]} Re8 {[%emt 0:01:03]} 20. Bc2 {[%emt 0:05:03]} Qc8 {[%emt 0:09:26]} 21. Bb3 {[%emt 0:01:00]} e6 {[%emt 0:02:03]} 22. Bd4 {[%emt 0:05:51]} Bxd4+ {[%emt 0:03:04]} 23. Qxd4 {[%emt 0:00:01]} Ba4 {[%emt 0:02:46]} 24. c5 {[%emt 0:04:22]} Bxb3 {[%emt 0:03:47]} 25. Rxb3 {[%emt 0:00:05]} dxc5 {[%emt 0:01:00]} 26. bxc5 {[%emt 0:00:06]} exd5 {[%emt 0:01:03]} 27. Qxd5 {[%emt 0:01:52]} Qc6 {[%emt 0:02:53]} 28. Qc4 {[%emt 0:06:16]} Re5 {[%emt 0:01:07]} 29. Rc1 {[%emt 0:00:52]} Ra5 {[%emt 0:02:33]} 30. Rbc3 {[%emt 0:01:52]} Raxc5 {[%emt 0:05:42]} 31. Qxc5 {[%emt 0:04:58]} Rxc5 {[%emt 0:00:07]} 32. Rxc5 {[%emt 0:00:04]} Qe6 {[%emt 0:00:21]} 33. R5c2 {[%emt 0:01:03]} b5 {[%emt 0:00:29]} 34. Rb1 {[%emt 0:01:22]} Qe3+ {[%emt 0:04:15]} 35. Kh1 {[%emt 0:00:55]} h5 {[%emt 0:00:45]} 36. h3 {[%emt 0:04:52]} Qd3 {[%emt 0:00:14]} 37. Rc8+ {[%emt 0:02:23]} Kg7 {[%emt 0:00:14]} 38. Rbc1 {[%emt 0:04:36]} b4 {[%emt 0:00:47]} 39. R8c4 {[%emt 0:00:20]} b3 {[%emt 0:01:41]} 40. axb3 {[%emt 0:00:00]} a2 {[%emt 0:00:00]} 41. Ra1 {[%emt 0:00:00]} Qb1+ {[%emt 0:00:00]} 42. Rc1 {[%emt 0:00:00]} Qxb3 {[%emt 0:00:00]} 43. Rf1 {[%emt 0:00:00]} Qb2 {[%emt 0:00:00]} 44. Rae1 {[%emt 0:00:00]} g5 {[%emt 0:00:00]} 45. Kh2 {[%emt 0:00:00]} Kg6 {[%emt 0:00:00]} 46. Kh1 {[%emt 0:00:00]} f5 {[%emt 0:00:00]} 47. Kh2 {[%emt 0:00:00]} f4 {[%emt 0:00:00]} 48. Kh1 {[%emt 0:00:00]} g4 {[%emt 0:00:00]} 49. hxg4 {[%emt 0:00:00]} hxg4 {[%emt 0:00:00]} 50. fxg4 {[%emt 0:00:00]} Kg5 {[%emt 0:00:00]} 51. Kh2 {[%emt 0:00:00]} Qc3 {[%emt 0:00:00]} 52. Ra1 {[%emt 0:00:00]} Qb2 {[%emt 0:05:38]} 53. Rae1 {[%emt 0:00:00]} Kxg4 {[%emt 0:00:19]} 54. Kh1 {[%emt 0:00:19]} Qd2 {[%emt 0:08:39]} 55. Rd1 {[%emt 0:02:19]} Qe3 {[%emt 0:00:47]} 56. Ra1 {[%emt 0:01:15]} Qe2 {[%emt 0:07:05]} 57. Rae1 {[%emt 0:02:00]} Qd2 {[%emt 0:02:23]} 58. Rd1 {[%emt 0:00:06]} Qa5 {[%emt 0:02:59]} 59. Ra1 {[%emt 0:01:30]} Qa8 {[%emt 0:01:47]} 60. Kg1 {[%emt 0:00:37]} Qa7+ {[%emt 0:04:56]} 61. Rf2 {[%emt 0:00:31]} Qb6 {[%emt 0:03:45]} 62. Raxa2 {[%emt 0:00:25]} Qb1+ {[%emt 0:00:06]} 63. Kh2 {[%emt 0:00:05]} Qh7+ {[%emt 0:01:18]} 64. Kg1 {[%emt 0:00:07]} Qb1+ {[%emt 0:00:04]} 65. Kh2 {[%emt 0:00:05]} Qh7+ {[%emt 0:01:33]} 66. Kg1 {[%emt 0:00:06]} 1/2-1/2

[Event "Satka Autumn 2019"]
[Site "Satka"]
[Date "2019.09.26"]
[Round "8.11"]
[White "Zyapaeva, Polina"]
[Black "Mukhina, Jana"]
[Result "0-1"]
[WhiteElo "1808"]
[BlackElo "2083"]
[Annotator "NA"]
[PlyCount "96"]
[EventDate "2019.09.19"]
[EventType "swiss"]
[EventCountry "RUS"]
[SourceTitle "playchess.com"]
[Source "ChessBase"]
[SourceQuality "1"]
[TimeControl "5400+30"]

1. e4 {[%emt 0:00:00]} e5 {[%emt 0:00:00]} 2. Nf3 {[%emt 0:00:00]} Nc6 {[%emt 0:00:00]} 3. Bb5 {[%emt 0:00:00]} a6 {[%emt 0:00:09]} 4. Ba4 {[%emt 0:00:00]} d6 {[%emt 0:00:06]} 5. c3 {[%emt 0:01:01]} Bd7 {[%emt 0:00:29]} 6. O-O {[%emt 0:01:33]} g6 {[%emt 0:00:06]} 7. d4 {[%emt 0:01:44]} Bg7 {[%emt 0:00:07]} 8. Re1 {[%emt 0:02:14]} Nf6 {[%emt 0:00:36]} 9. Nbd2 {[%emt 0:02:41]} Qe7 {[%emt 0:00:05]} 10. Nf1 {[%emt 0:08:54]} O-O {[%emt 0:00:21]} 11. Bg5 {[%emt 0:08:32]} h6 {[%emt 0:06:07]} 12. Bh4 {[%emt 0:03:00]} Qe8 {[%emt 0:00:49]} 13. d5 {[%emt 0:04:32]} Ne7 {[%emt 0:02:13]} 14. Bxd7 {[%emt 0:03:33]} Nxd7 {[%emt 0:02:22]} 15. Bxe7 {[%emt 0:03:30]} Qxe7 {[%emt 0:00:01]} 16. Ng3 {[%emt 0:00:17]} c5 {[%emt 0:11:49]} 17. Qd3 {[%emt 0:04:30]} b5 {[%emt 0:03:33]} 18. b3 {[%emt 0:02:42]} h5 {[%emt 0:07:52]} 19. h3 {[%emt 0:06:17]} Bh6 {[%emt 0:00:32]} 20. Qe2 {[%emt 0:10:57]} Rfb8 {[%emt 0:02:27]} 21. Nf1 {[%emt 0:06:29]} Nb6 {[%emt 0:06:06]} 22. a4 {[%emt 0:05:08]} Qe8 {[%emt 0:00:18]} 23. a5 {[%emt 0:00:21]} Nd7 {[%emt 0:00:16]} 24. g4 {[%emt 0:04:07]} hxg4 {[%emt 0:00:30]} 25. hxg4 {[%emt 0:00:02]} Bf4 {[%emt 0:03:59]} 26. Ng3 {[%emt 0:01:10]} Nf6 {[%emt 0:01:01]} 27. Nh2 {[%emt 0:00:47]} Qd7 {[%emt 0:01:23]} 28. Kg2 {[%emt 0:01:54]} Kg7 {[%emt 0:03:52]} 29. Rh1 {[%emt 0:02:08]} Rh8 {[%emt 0:00:01]} 30. f3 {[%emt 0:01:08]} Qe7 {[%emt 0:04:09]} 31. Nhf1 {[%emt 0:00:45]} Rxh1 {[%emt 0:00:40]} 32. Kxh1 {[%emt 0:01:15]} Nh7 {[%emt 0:08:00]} 33. Kg2 {[%emt 0:00:50]} Qg5 {[%emt 0:00:57]} 34. Rd1 {[%emt 0:03:36]} Rh8 {[%emt 0:04:09]} 35. Qf2 {[%emt 0:01:06]} Qh6 {[%emt 0:03:04]} 36. Ra1 {[%emt 0:01:06]} Ng5 {[%emt 0:00:45]} 37. Rb1 {[%emt 0:01:01]} Nh3 {[%emt 0:03:43]} 38. Qe1 {[%emt 0:00:17]} Bg5 {[%emt 0:00:22]} 39. Qd1 {[%emt 0:01:32]} Nf4+ {[%emt 0:01:32]} 40. Kg1 {[%emt 0:00:00]} Nh3+ {[%emt 0:00:00]} 41. Kg2 {[%emt 0:00:00]} Nf4+ {[%emt 0:00:00]} 42. Kg1 {[%emt 0:00:00]} Bh4 {[%emt 0:00:00]} 43. Qc2 {[%emt 0:00:00]} Nh3+ {[%emt 0:00:00]} 44. Kg2 {[%emt 0:00:00]} Ng5 {[%emt 0:00:00]} 45. Qf2 {[%emt 0:00:00]} Bxg3 {[%emt 0:00:00]} 46. Nxg3 {[%emt 0:00:00]} Nh3 {[%emt 0:00:00]} 47. Qc2 {[%emt 0:00:00]} Nf4+ {[%emt 0:00:00]} 48. Kg1 {[%emt 0:00:00]} Qh4 {[%emt 0:00:00]} 0-1

[Event "Satka Autumn 2019"]
[Site "Satka"]
[Date "2019.09.26"]
[Round "8.12"]
[White "Nikulina, Anastasiya"]
[Black "Mar, Karmen"]
[Result "0-1"]
[WhiteElo "1540"]
[BlackElo "2026"]
[Annotator "NA"]
[PlyCount "48"]
[EventDate "2019.09.19"]
[EventType "swiss"]
[EventCountry "RUS"]
[SourceTitle "playchess.com"]
[Source "ChessBase"]
[SourceQuality "1"]
[TimeControl "5400+30"]

1. e4 {[%emt 0:00:00]} c5 {[%emt 0:00:00]} 2. Nf3 {[%emt 0:00:00]} d6 {[%emt 0:00:00]} 3. d4 {[%emt 0:00:00]} cxd4 {[%emt 0:00:00]} 4. Nxd4 {[%emt 0:00:00]} Nf6 {[%emt 0:00:00]} 5. Nc3 {[%emt 0:00:03]} a6 {[%emt 0:00:00]} 6. Be2 {[%emt 0:00:36]} e6 {[%emt 0:00:12]} 7. O-O {[%emt 0:02:18]} Be7 {[%emt 0:00:21]} 8. Be3 {[%emt 0:01:29]} O-O {[%emt 0:00:34]} 9. f3 {[%emt 0:01:53]} Qc7 {[%emt 0:01:12]} 10. Qd2 {[%emt 0:01:50]} Nbd7 {[%emt 0:03:47]} 11. b3 {[%emt 0:12:56]} d5 {[%emt 0:16:07]} 12. a3 {[%emt 0:06:33]} Bd6 {[%emt 0:17:01]} 13. h3 {[%emt 0:10:59]} e5 {[%emt 0:17:09]} 14. Nf5 {[%emt 0:00:29]} d4 {[%emt 0:00:24]} 15. Nxd6 {[%emt 0:00:42]} dxe3 {[%emt 0:04:10]} 16. Qd3 {[%emt 0:01:11]} Nc5 {[%emt 0:01:11]} 17. Ndb5 {[%emt 0:09:09]} axb5 {[%emt 0:01:50]} 18. Nxb5 {[%emt 0:00:29]} Qe7 {[%emt 0:07:35]} 19. Qxe3 {[%emt 0:01:41]} Nh5 {[%emt 0:00:44]} 20. Rfd1 {[%emt 0:06:46]} Nf4 {[%emt 0:02:35]} 21. Bc4 {[%emt 0:03:24]} Qg5 {[%emt 0:01:58]} 22. Qd2 {[%emt 0:04:40]} Bxh3 {[%emt 0:02:03]} 23. Bf1 {[%emt 0:00:43]} Rad8 {[%emt 0:02:16]} 24. Qf2 {[%emt 0:02:05]} Bxg2 {[%emt 0:02:06]} 0-1

[Event "Satka Autumn 2019"]
[Site "Satka"]
[Date "2019.09.27"]
[Round "9.1"]
[White "Borisova, Ekaterina"]
[Black "Dubnikova, Anastasia"]
[Result "1-0"]
[WhiteElo "2307"]
[BlackElo "2056"]
[Annotator "NA"]
[PlyCount "63"]
[EventDate "2019.09.19"]
[EventType "swiss"]
[EventCountry "RUS"]
[SourceTitle "playchess.com"]
[Source "ChessBase"]
[SourceQuality "1"]
[TimeControl "5400+30"]

1. d4 {[%emt 0:00:00]} Nf6 {[%emt 0:00:00]} 2. g3 {[%emt 0:00:00]} e6 {[%emt 0:00:00]} 3. Bg2 {[%emt 0:00:00]} d5 {[%emt 0:00:00]} 4. Nf3 {[%emt 0:00:03]} b5 {[%emt 0:04:40]} 5. a4 {[%emt 0:00:05]} b4 {[%emt 0:00:17]} 6. O-O {[%emt 0:00:04]} Bb7 {[%emt 0:03:23]} 7. c4 {[%emt 0:00:37]} Be7 {[%emt 0:01:51]} 8. c5 {[%emt 0:06:39]} a5 {[%emt 0:05:14]} 9. Ne5 {[%emt 0:00:11]} Nc6 {[%emt 0:06:27]} 10. Bf4 {[%emt 0:08:40]} O-O {[%emt 0:01:45]} 11. Nxc6 {[%emt 0:03:31]} Bxc6 {[%emt 0:00:06]} 12. Nd2 {[%emt 0:00:04]} Ra7 {[%emt 0:10:53]} 13. Nf3 {[%emt 0:06:21]} Nd7 {[%emt 0:00:47]} 14. Ne5 {[%emt 0:00:25]} Nxe5 {[%emt 0:00:08]} 15. dxe5 {[%emt 0:00:25]} Qd7 {[%emt 0:08:55]} 16. Qd4 {[%emt 0:08:36]} b3 {[%emt 0:11:54]} 17. Bd2 {[%emt 0:00:48]} f6 {[%emt 0:12:53]} 18. Bh3 {[%emt 0:03:38]} fxe5 {[%emt 0:05:53]} 19. Qxe5 {[%emt 0:00:08]} Rf6 {[%emt 0:00:03]} 20. Rad1 {[%emt 0:13:02]} Bxc5 {[%emt 0:08:50]} 21. e4 {[%emt 0:02:10]} Qf7 {[%emt 0:02:49]} 22. Rc1 {[%emt 0:02:11]} Bd6 {[%emt 0:06:20]} 23. Qd4 {[%emt 0:00:09]} Ra6 {[%emt 0:01:40]} 24. e5 {[%emt 0:00:17]} Qh5 {[%emt 0:01:11]} 25. exd6 {[%emt 0:11:23]} Qxh3 {[%emt 0:00:08]} 26. dxc7 {[%emt 0:00:47]} e5 {[%emt 0:02:13]} 27. Qxe5 {[%emt 0:01:34]} Ra8 {[%emt 0:01:43]} 28. Rfe1 {[%emt 0:05:23]} Raf8 {[%emt 0:00:55]} 29. Rxc6 {[%emt 0:01:06]} Rxf2 {[%emt 0:00:33]} 30. Qe6+ {[%emt 0:00:25]} Qxe6 {[%emt 0:00:28]} 31. Rexe6 {[%emt 0:00:16]} Rxd2 {[%emt 0:00:22]} 32. c8=Q {[%emt 0:00:17]} 1-0

[Event "Satka Autumn 2019"]
[Site "Satka"]
[Date "2019.09.27"]
[Round "9.2"]
[White "Semenova, Elena"]
[Black "Mironenko, Galina"]
[Result "1/2-1/2"]
[WhiteElo "2303"]
[BlackElo "1982"]
[Annotator "ChessBase"]
[PlyCount "99"]
[EventDate "2019.09.19"]
[EventType "swiss"]
[EventCountry "RUS"]
[SourceTitle "playchess.com"]
[Source "ChessBase"]
[SourceQuality "1"]
[TimeControl "5400+30"]

1. e4 {[%emt 0:00:00]} e6 {[%emt 0:00:00]} 2. d4 {[%emt 0:00:00]} d5 {[%emt 0:00:00]} 3. Nd2 {[%emt 0:00:00]} c5 {[%emt 0:00:00]} 4. Ngf3 {[%emt 0:00:02]} cxd4 {[%emt 0:00:00]} 5. Nxd4 {[%emt 0:00:20]} Nc6 {[%emt 0:00:00]} 6. Bb5 {[%emt 0:00:14]} Bd7 {[%emt 0:00:05]} 7. Nxc6 {[%emt 0:00:20]} Bxc6 {[%emt 0:00:06]} 8. Bxc6+ {[%emt 0:01:22]} bxc6 {[%emt 0:00:05]} 9. c4 {[%emt 0:01:29]} Qa5 {[%emt 0:00:04]} 10. O-O {[%emt 0:18:57]} Nf6 {[%emt 0:01:03]} 11. cxd5 {[%emt 0:03:41]} cxd5 {[%emt 0:00:37]} 12. Qc2 {[%emt 0:00:53]} Qa6 {[%emt 0:01:33]} 13. exd5 {[%emt 0:07:08]} Nxd5 {[%emt 0:01:10]} 14. Nf3 {[%emt 0:05:42]} Be7 {[%emt 0:03:29]} 15. Bg5 {[%emt 0:01:57]} Rc8 {[%emt 0:05:46]} 16. Qd2 {[%emt 0:07:56]} O-O {[%emt 0:05:34]} 17. Bxe7 {[%emt 0:05:20]} Nxe7 {[%emt 0:00:06]} 18. Rfc1 {[%emt 0:06:47]} Rxc1+ {[%emt 0:04:05]} 19. Qxc1 {[%emt 0:01:24]} Rc8 {[%emt 0:02:10]} 20. Qd2 {[%emt 0:00:04]} Nd5 {[%emt 0:02:38]} 21. Rc1 {[%emt 0:04:02]} Rxc1+ {[%emt 0:06:23]} 22. Qxc1 {[%emt 0:00:02]} f6 {[%emt 0:01:53]} 23. a3 {[%emt 0:01:08]} Kf7 {[%emt 0:01:40]} 24. Qc5 {[%emt 0:03:09]} Qb6 {[%emt 0:04:56]} 25. Qxb6 {[%emt 0:04:19]} Nxb6 {[%emt 0:01:00]} 26. Nd2 {[%emt 0:01:32]} e5 {[%emt 0:01:07]} 27. Kf1 {[%emt 0:01:46]} Ke6 {[%emt 0:00:09]} 28. Ke2 {[%emt 0:01:43]} Kd5 {[%emt 0:00:27]} 29. Kd3 {[%emt 0:01:05]} f5 {[%emt 0:02:09]} 30. f3 {[%emt 0:07:09]} Na4 {[%emt 0:03:10]} 31. b3 {[%emt 0:03:04]} Nc5+ {[%emt 0:01:18]} 32. Kc3 {[%emt 0:00:01]} g5 {[%emt 0:04:56]} 33. Nc4 {[%emt 0:03:22]} e4 {[%emt 0:07:36]} 34. b4 {[%emt 0:04:26]} Na4+ {[%emt 0:07:48]} 35. Kb3 {[%emt 0:00:05]} Nb6 {[%emt 0:00:05]} 36. Nxb6+ {[%emt 0:02:41]} axb6 {[%emt 0:00:05]} 37. fxe4+ {[%emt 0:00:38]} fxe4 {[%emt 0:08:07]} 38. a4 {[%emt 0:00:55]} Kd4 {[%emt 0:00:30]} 39. a5 {[%emt 0:03:14]} bxa5 {[%emt 0:00:16]} 40. bxa5 {[%emt 0:00:00]} Kd3 {[%emt 0:00:00]} 41. a6 {[%emt 0:00:00]} e3 {[%emt 0:00:00]} 42. a7 {[%emt 0:00:00]} e2 {[%emt 0:00:00]} 43. a8=Q {[%emt 0:00:00]} e1=Q {[%emt 0:00:00]} 44. Qd5+ {[%emt 0:00:00]} Ke2 {[%emt 0:00:00]} 45. Qf3+ {[%emt 0:00:00]} Kd2 {[%emt 0:00:00]} 46. Qc3+ {[%emt 0:00:00]} Ke2 {[%emt 0:00:00]} 47. Qf3+ {[%emt 0:00:00]} Kd2 {[%emt 0:00:00]} 48. Qc3+ {[%emt 0:00:00]} Ke2 {[%emt 0:00:00]} 49. Qf3+ {[%emt 0:00:00]} Kd2 {[%emt 0:00:00]} 50. Qc3+ {[%emt 0:00:00]} 1/2-1/2